[Event "7th Sharjah Challengers"]
[Site "Sharjah UAE"]
[Date "2024.05.14"]
[Round "1.4"]
[White "Ajay Santhosh Parvathareddy"]
[Black "Rios Gomez, Cristhian Camilo"]
[Result "1/2-1/2"]
[BlackTitle "GM"]
[WhiteElo "2177"]
[BlackElo "2472"]
[WhiteFideId "25998676"]
[BlackFideId "4403940"]
[EventDate "2024.05.14"]

1. e4 c5 2. Nf3 Nc6 3. d4 cxd4 4. Nxd4 Nf6 5. Nc3 e5 6. Ndb5 d6 7. Nd5 Nxd5 8.
exd5 Nb8 9. a4 Be7 10. Be2 O-O 11. O-O Nd7 12. b4 f5 13. a5 a6 14. Na3 e4 15.
Nc4 f4 16. Bg4 Ne5 17. Nxe5 dxe5 18. Bb2 f3 19. gxf3 exf3 20. Bxf3 Bd6 21. Be4
Qh4 22. f3 Bh3 23. Rf2 Bxb4 24. d6 Kh8 25. Qd5 Rad8 26. Bxe5 Qh6 27. Rd1 Bxd6
28. Bxd6 Rf6 29. Rfd2 Rfxd6 30. Qxd6 Rxd6 31. Rxd6 g6 32. Kf2 Bf5 1/2-1/2

[Event "7th Sharjah Challengers"]
[Site "Sharjah UAE"]
[Date "2024.05.14"]
[Round "1.5"]
[White "Movahed, Sina"]
[Black "Sultan, Ibrahim"]
[Result "1-0"]
[WhiteTitle "IM"]
[BlackTitle "IM"]
[WhiteElo "2464"]
[BlackElo "2173"]
[WhiteFideId "42520835"]
[BlackFideId "9301143"]
[EventDate "2024.05.14"]

1. e4 c6 2. d4 d5 3. e5 Bf5 4. Be3 e6 5. Nd2 c5 6. Ngf3 cxd4 7. Nxd4 Ne7 8. Bb5+
Nbc6 9. c4 a6 10. Ba4 Qa5 11. Qb3 Rc8 12. cxd5 exd5 13. Nxf5 Nxf5 14. Qxb7 Ne7
15. Qb3 g6 1-0

[Event "7th Sharjah Challengers"]
[Site "Sharjah UAE"]
[Date "2024.05.14"]
[Round "1.6"]
[White "Nadir, Samir"]
[Black "Nitish, Belurkar"]
[Result "0-1"]
[WhiteTitle "FM"]
[BlackTitle "IM"]
[WhiteElo "2158"]
[BlackElo "2451"]
[WhiteFideId "12200085"]
[BlackFideId "5084768"]
[EventDate "2024.05.14"]

1. d4 Nf6 2. Bf4 g6 3. e3 Bg7 4. Nf3 d6 5. Be2 O-O 6. c3 Nc6 7. h3 Nd7 8. O-O e5
9. Bh2 f5 10. Na3 Qe7 11. Nb5 Nf6 12. dxe5 dxe5 13. Qb3+ Kh8 14. Qa3 Re8 15.
Qxe7 Rxe7 16. Rfd1 a6 17. Na3 Ne4 18. Nd2 Nc5 19. Nb3 Na4 20. Rd2 b5 21. Rad1 h6
22. Nxb5 axb5 23. Bxb5 Bb7 24. Bxa4 Rxa4 25. Nc5 Ra7 26. b4 e4 27. b5 Ne5 28.
Rd8+ Kh7 29. Rb8 Ba8 30. Rdd8 Nd3 31. Nd7 Bd5 32. a4 Be6 33. Nf8+ Bxf8 34. Rxf8
Rxa4 35. Bg3 Kg7 36. Rfe8 Rxe8 37. Rxe8 Kf7 38. Rh8 Ra1+ 39. Kh2 Rb1 40. Rh7+
Kg8 41. Re7 Bf7 42. Rxc7 Rxb5 43. Rc8+ Kg7 44. Bd6 Ne5 45. Bf8+ Kh7 46. Be7 g5
47. Bf6 Kg6 48. c4 Nxc4 49. Bd4 Rb7 50. Rc6+ Kh7 51. Rf6 Bg6 52. h4 Nd2 53. h5
Bxh5 54. Rxf5 Rf7 55. Rd5 Rxf2 56. Bc3 Nf1+ 57. Kg1 Rf7 58. Bd4 Ng3 59. Kh2 Nf5
60. Bc5 Nh4 61. Kg3 Be2 0-1

[Event "7th Sharjah Challengers"]
[Site "Sharjah UAE"]
[Date "2024.05.14"]
[Round "1.8"]
[White "Sureka Akshat"]
[Black "Divya, Deshmukh"]
[Result "0-1"]
[BlackTitle "IM"]
[WhiteElo "2141"]
[BlackElo "2443"]
[WhiteFideId "25774492"]
[BlackFideId "35006916"]
[EventDate "2024.05.14"]

1. b3 c5 2. Bb2 Nc6 3. Nf3 d6 4. g3 e5 5. d3 g6 6. c4 Bg7 7. Bg2 Nge7 8. O-O O-O
9. Nc3 h6 10. a3 Be6 11. Nd2 Qd7 12. Nd5 Rad8 13. b4 b6 14. Bc3 Nc8 15. b5 N6e7
16. a4 Nxd5 17. cxd5 Bh3 18. Qb3 Bxg2 19. Kxg2 f5 20. e4 Rf7 21. f3 Rdf8 22. h3
h5 23. Nc4 Kh7 24. Qc2 Qe7 25. a5 Bh6 26. axb6 axb6 27. Ra6 Qd8 28. Qe2 h4 29.
g4 fxg4 30. hxg4 Qd7 31. Kh3 Bf4 32. Ra8 Qc7 33. Bd2 Bxd2 34. Nxd2 g5 35. Nc4
Rf6 36. Ne3 Qb7 37. Ra2 Qd7 38. Rb2 Na7 39. d4 exd4 40. Nc4 Nc8 41. Qd3 Kh6 42.
Qe2 Rf4 43. Rb3 Qd8 44. Ra3 Qe8 45. Rb3 Qf7 46. Kg2 Re8 47. Qd3 Qd7 48. Kh2 Qd8
49. Ra3 Rf7 50. Ra6 Qf6 51. Kg2 Qf4 52. Ra2 Kg7 53. Rb2 Kf8 54. Rbf2 Kg7 55. Rb2
Ra7 56. Kh1 Rae7 57. Ra2 Rf8 58. Kg2 Ref7 59. Kh1 Re7 60. Re2 h3 61. Qd2 Qf6 62.
Qd3 Qg6 63. Kh2 Ref7 64. Ref2 Ra7 65. Kh1 Ra4 66. Rb1 Qf6 67. Qc2 Ra7 68. Qd2
Qh6 69. Re1 Qh4 70. Kh2 Ra4 71. Rc1 Rf7 72. e5 Rxc4 73. Rc2 Rc3 74. Rxc3 dxe5
75. Rc4 e4 76. Qe2 Nd6 77. Rf1 0-1

[Event "7th Sharjah Challengers"]
[Site "Sharjah UAE"]
[Date "2024.05.14"]
[Round "1.10"]
[White "Khalifa Essa, Albalooshi"]
[Black "Garifullina, Leya"]
[Result "0-1"]
[BlackTitle "IM"]
[WhiteElo "2135"]
[BlackElo "2431"]
[WhiteFideId "9315853"]
[BlackFideId "34127035"]
[EventDate "2024.05.14"]

1. Nf3 d5 2. c4 d4 3. d3 Nc6 4. g3 e5 5. Bg2 Bb4+ 6. Nbd2 a5 7. a3 Be7 8. b3 Nf6
9. O-O O-O 10. Qc2 Bf5 11. Bb2 Qd7 12. Rfd1 Bh3 13. Bh1 Ng4 14. c5 Qe6 15. Rdc1
Qh6 16. Qd1 Kh8 17. Bg2 Bxg2 18. Kxg2 f5 19. h3 Nf6 20. Nc4 Nd7 21. b4 Qe6 22.
Qd2 Qd5 23. Kh2 Bf6 24. Ne1 e4 25. Ng2 Nde5 26. Nf4 Qf7 27. Nxe5 Bxe5 28. b5 Ne7
29. e3 dxe3 30. fxe3 Bxb2 31. Qxb2 exd3 32. Nxd3 Nd5 33. Qd4 Rad8 34. Ne5 Qh5
35. Rd1 Qe2+ 36. Kh1 Nxe3 37. Rd2 Qxd2 0-1

[Event "7th Sharjah Challengers"]
[Site "Sharjah UAE"]
[Date "2024.05.14"]
[Round "1.11"]
[White "Suyarov, Mukhammadzokhid"]
[Black "Ankit Ray"]
[Result "0-1"]
[WhiteTitle "IM"]
[WhiteElo "2431"]
[BlackElo "2104"]
[WhiteFideId "14210495"]
[BlackFideId "25770624"]
[EventDate "2024.05.14"]

1. e4 c5 2. Nf3 e6 3. g3 d5 4. exd5 exd5 5. d4 Nf6 6. Bg2 Nc6 7. O-O Be7 8. dxc5
Bxc5 9. Nc3 O-O 10. Bg5 d4 11. Bxf6 Qxf6 12. Ne4 Qe7 13. Nh4 Bb6 14. Qh5 Qe5 15.
Ng5 h6 16. f4 Qc5 17. Kh1 Ne7 18. Rae1 hxg5 19. fxg5 Be6 20. Rf4 Bc7 21. Be4 g6
22. Bxg6 fxg6 23. Nxg6 Bxf4 24. Qh8+ Kf7 25. Qf6+ Ke8 26. Qxe6 Be3 27. Nxf8 Kxf8
28. c3 Qc6+ 29. Qxc6 Nxc6 30. h4 Re8 31. cxd4 Bxd4 32. Rf1+ Kg7 33. Kg2 Re2+ 34.
Kh3 Rxb2 35. Rf5 Be5 36. h5 Rxa2 37. Rf3 Rd2 38. Kg4 Rg2 39. Rf1 Rxg3+ 40. Kf5
Ne7+ 41. Kxe5 Rxg5+ 42. Ke6 Rxh5 43. Rf7+ Kg6 44. Rxe7 Rb5 45. Re8 Kg5 46. Rf8
a5 47. Kd6 b6 48. Rg8+ Kf4 49. Rf8+ Ke4 50. Re8+ Kd4 51. Rh8 Rb4 52. Kc6 a4 53.
Rh3 Kc4 54. Rg3 b5 55. Rh3 Rb3 56. Rh4+ Kd3 57. Kc5 Ke2 58. Rh1 a3 59. Rg1 b4
60. Kb5 Rb2 61. Ka4 Kf2 62. Rc1 a2 63. Rh1 Kg2 64. Rc1 b3 65. Ka3 Rb1 66. Rc2+
bxc2 67. Kxa2 c1=R 0-1

[Event "7th Sharjah Challengers"]
[Site "Sharjah UAE"]
[Date "2024.05.14"]
[Round "1.12"]
[White "Daksh Jain"]
[Black "Wang, Yanbin"]
[Result "1/2-1/2"]
[WhiteElo "2101"]
[BlackElo "2415"]
[WhiteFideId "25969269"]
[BlackFideId "8617996"]
[EventDate "2024.05.14"]

1. e4 c5 2. Nc3 Nc6 3. Bb5 Nd4 4. Nf3 g6 5. Nxd4 cxd4 6. Ne2 Bg7 7. O-O Nf6 8.
e5 Ng4 9. Nxd4 Nxe5 10. Nf3 Qb6 11. Be2 Nc6 12. c3 d5 13. d4 O-O 14. Qb3 Qxb3
15. axb3 Bf5 16. Bf4 h6 17. h3 g5 18. Bg3 Bh7 19. Bb5 Rfc8 20. Rfe1 e6 21. Ra3
a6 22. Bxc6 Rxc6 23. b4 f6 24. Ra5 Kf7 25. Rc5 Rac8 26. Nd2 Bd3 27. Nb3 b6 28.
Rxc6 Rxc6 29. Nd2 Bf8 30. Ra1 Be7 31. f3 Rc8 32. Kf2 Bb5 33. h4 Ke8 34. hxg5
hxg5 35. Nb1 Kd7 36. Ke3 Re8 37. Na3 Bc6 38. Nc2 Ra8 39. Kd2 a5 40. bxa5 bxa5
41. Ne1 a4 42. Nd3 Rh8 43. Re1 Bb5 44. Ra1 Ke8 45. Re1 Kf7 46. Nf2 Ra8 47. Ra1
Ra6 48. Nd3 Rb6 49. Nc5 e5 50. Bf2 Rb8 51. Nxa4 Bxa4 52. Rxa4 Rxb2+ 53. Ke1 Rc2
54. Ra5 Ke6 55. Ra6+ Kf5 56. Ra5 Rxc3 57. Rxd5 Bb4 58. Kf1 Rc1+ 59. Ke2 Rc2+ 60.
Kf1 g4 61. dxe5 gxf3 62. exf6+ Ke6 63. Rd1 fxg2+ 1/2-1/2

[Event "7th Sharjah Challengers"]
[Site "Sharjah UAE"]
[Date "2024.05.15"]
[Round "2.3"]
[White "Ezat, Mohamed"]
[Black "Burmakin, Vladimir"]
[Result "1/2-1/2"]
[WhiteTitle "IM"]
[BlackTitle "GM"]
[WhiteElo "2342"]
[BlackElo "2483"]
[WhiteFideId "10600906"]
[BlackFideId "4105109"]
[EventDate "2024.05.14"]

1. d4 d5 2. c4 e6 3. Nc3 c6 4. Nf3 Nf6 5. cxd5 exd5 6. Qc2 Nbd7 7. Bg5 Qa5 8.
Nd2 Be7 9. e3 h6 10. Bh4 O-O 11. g4 Re8 12. Rg1 Ne4 13. Bxe7 Rxe7 14. Ndxe4 dxe4
15. h4 g5 16. hxg5 hxg5 17. Bc4 Kg7 18. O-O-O Nf6 19. d5 b5 20. d6 Re8 21. Bb3
Bd7 22. Kb1 Qb6 23. Rd4 Qc5 24. Nxe4 Nxe4 25. Rxe4 Qc4 26. Qc3+ Qxc3 27. Bc2 1/2-1/2

[Event "7th Sharjah Challengers"]
[Site "Sharjah UAE"]
[Date "2024.05.15"]
[Round "2.4"]
[White "Farahat, Ali"]
[Black "Movahed, Sina"]
[Result "1-0"]
[WhiteTitle "IM"]
[BlackTitle "IM"]
[WhiteElo "2327"]
[BlackElo "2464"]
[WhiteFideId "10600507"]
[BlackFideId "42520835"]
[EventDate "2024.05.14"]

1. d4 Nf6 2. Nf3 d5 3. e3 e6 4. Bd3 b6 5. O-O Bb7 6. b3 Bd6 7. Bb2 O-O 8. Nbd2
Nbd7 9. Ne5 c5 10. f4 Qc7 11. Nxd7 Qxd7 12. dxc5 Be7 13. cxb6 axb6 14. Nf3 Qc7
15. Be5 Qd8 16. Bd4 Ne4 17. Qe2 Qc7 18. Nd2 Nxd2 19. Qxd2 f6 20. Qe2 Bc5 21. c4
Rae8 22. Qc2 e5 23. Bxh7+ Kh8 24. Bxc5 Qxc5 25. Bg6 Qxe3+ 26. Kh1 exf4 27. Bxe8
Rxe8 28. Qf2 Re4 29. cxd5 Bxd5 30. Rad1 Qxf2 31. Rxf2 g5 32. Kg1 Re5 33. Rfd2
Be6 34. Kf2 Ra5 35. Re1 Bd5 36. Re7 Kg8 37. b4 1-0

[Event "7th Sharjah Challengers"]
[Site "Sharjah UAE"]
[Date "2024.05.15"]
[Round "2.6"]
[White "Heinemann, Josefine"]
[Black "Lashkin, Jegor"]
[Result "0-1"]
[WhiteTitle "WGM"]
[BlackTitle "FM"]
[WhiteElo "2304"]
[BlackElo "2449"]
[WhiteFideId "12900460"]
[BlackFideId "13907808"]
[EventDate "2024.05.14"]

1. e4 c5 2. Nf3 d6 3. Bb5+ Bd7 4. Bxd7+ Qxd7 5. c4 e5 6. Nc3 Nc6 7. O-O Be7 8.
a3 Bd8 9. d3 Nge7 10. Rb1 O-O 11. b4 f5 12. exf5 Nxf5 13. Qe2 Bf6 14. Qe4 Kh8
15. Be3 b6 16. Rfe1 Rae8 17. Nd5 Bd8 18. h3 h6 19. Rbc1 Nce7 20. Nxe7 Nxe7 21.
Nh4 Rf6 22. Rb1 g5 23. Nf3 Ng6 24. Bd2 Qf7 25. bxc5 dxc5 26. Bc3 Bc7 27. Re3 Kg8
28. Rbe1 Bd6 29. g3 Rf8 30. Kg2 Ne7 31. g4 Rf4 32. Nxe5 Bxe5 33. Qxe5 Rxf2+ 34.
Kg3 Qf3+ 35. Rxf3 Rf5 36. Rxf2 Rxf2 0-1

[Event "7th Sharjah Challengers"]
[Site "Sharjah UAE"]
[Date "2024.05.15"]
[Round "2.7"]
[White "Divya, Deshmukh"]
[Black "Nagarkatte Vedant"]
[Result "1-0"]
[WhiteTitle "IM"]
[BlackTitle "FM"]
[WhiteElo "2443"]
[BlackElo "2299"]
[WhiteFideId "35006916"]
[BlackFideId "25636227"]
[EventDate "2024.05.14"]

1. Nf3 d5 2. d4 Nf6 3. c4 e6 4. g3 Bb4+ 5. Bd2 Be7 6. Bg2 c6 7. Qc2 O-O 8. O-O
b6 9. Bf4 Ba6 10. Nbd2 Nbd7 11. Rfd1 Bb7 12. e4 dxe4 13. Nxe4 Nxe4 14. Qxe4 Nf6
15. Qc2 Qc8 16. Ne5 Rd8 17. Qa4 Rd6 18. b4 b5 19. Qb3 bxc4 20. Nxc4 Rd8 21. Rac1
Nd5 22. Na5 a6 23. Rc4 Qd7 24. Bxd5 exd5 25. Rc2 Rdc8 26. Re2 Bd8 27. Nxb7 1-0

[Event "7th Sharjah Challengers"]
[Site "Sharjah UAE"]
[Date "2024.05.15"]
[Round "2.8"]
[White "Lopez Rayo, Santiago"]
[Black "Mohammad Fahad, Rahman"]
[Result "1/2-1/2"]
[WhiteTitle "FM"]
[BlackTitle "IM"]
[WhiteElo "2301"]
[BlackElo "2435"]
[WhiteFideId "4455665"]
[BlackFideId "10207791"]
[EventDate "2024.05.14"]

1. e4 c5 2. Nf3 e6 3. d4 cxd4 4. Nxd4 Nf6 5. Nc3 Nc6 6. Nxc6 bxc6 7. e5 Nd5 8.
Ne4 Bb7 9. Be2 c5 10. O-O Qc7 11. Nd6+ Bxd6 12. exd6 Qc6 13. f3 Qb6 14. c4 Nb4
15. Be3 Nc6 16. b4 Nxb4 17. Rb1 Qc6 18. a3 Na6 19. Rb5 Qc8 20. Qe1 O-O 21. Bd3
Bc6 22. Qa5 e5 23. Qc3 Re8 24. Qc2 g6 25. Bg5 Bxb5 26. cxb5 c4 27. Bxc4 Nc5 28.
Be3 Nb7 29. Qd3 Nxd6 30. Bd5 Nf5 31. Bf2 Qc7 32. Bxa8 Rxa8 33. Rd1 Rd8 34. g4
Nd4 35. Bxd4 exd4 36. Qxd4 d5 37. a4 h6 38. Rd2 1/2-1/2

[Event "7th Sharjah Challengers"]
[Site "Sharjah UAE"]
[Date "2024.05.15"]
[Round "2.9"]
[White "Garifullina, Leya"]
[Black "George Micheal, Kevin"]
[Result "1-0"]
[WhiteTitle "IM"]
[BlackTitle "IM"]
[WhiteElo "2431"]
[BlackElo "2263"]
[WhiteFideId "34127035"]
[BlackFideId "10669515"]
[EventDate "2024.05.14"]

1. e4 c5 2. Nf3 d6 3. d4 cxd4 4. Nxd4 Nf6 5. Nc3 a6 6. Be3 e5 7. Nb3 Be7 8. f3
Be6 9. Qd2 h5 10. O-O-O Nbd7 11. Kb1 Rc8 12. Bd3 b5 13. h3 h4 14. f4 O-O 15. f5
Bc4 16. g3 hxg3 17. Rdg1 d5 18. exd5 e4 19. Bxc4 bxc4 20. d6 cxb3 21. axb3 Ne5
22. dxe7 Qxe7 23. Rxg3 Nh5 24. Rg4 Qf6 25. Qg2 Qxf5 26. Rf1 Nxg4 27. hxg4 Qg6
28. Nd5 Rfe8 29. Qh3 Nf6 30. Rh1 Kf8 31. Qh8+ Ng8 32. g5 Qc6 33. c4 Re5 34. Rh7
Qg6 35. Nf4 Qf5 36. Qxg7+ Ke8 37. Qxg8+ Ke7 38. Qg7 Ra5 39. g6 Rf8 40. gxf7 Rxf7
41. Nd5+ Ke6 42. Qxf7+ Qxf7 43. Rxf7 Kxf7 44. b4 Rxd5 45. cxd5 1-0

[Event "7th Sharjah Challengers"]
[Site "Sharjah UAE"]
[Date "2024.05.15"]
[Round "2.11"]
[White "Devnani, Kush"]
[Black "Hesham, Abdelrahman"]
[Result "1-0"]
[BlackTitle "GM"]
[WhiteElo "2250"]
[BlackElo "2394"]
[WhiteFideId "45093806"]
[BlackFideId "10600183"]
[EventDate "2024.05.14"]

1. d4 Nf6 2. c4 g6 3. Nc3 Bg7 4. e4 d6 5. Nf3 O-O 6. Be2 e5 7. Be3 exd4 8. Nxd4
Re8 9. f3 c6 10. Bf2 d5 11. exd5 cxd5 12. O-O Nc6 13. c5 Bd7 14. Ndb5 Re7 15.
Re1 a6 16. Nd6 Be6 17. Na4 Qf8 18. Nb6 Rd8 19. Qa4 Ne8 20. Nxb7 Rxb7 21. Qxc6
Rc7 22. Qa4 Rxc5 23. Rad1 Qd6 24. Qb4 d4 25. Na4 Rc6 26. Qxd6 Rdxd6 27. Bd3 Nc7
28. Bg3 Rd8 29. Rc1 Rxc1 30. Rxc1 Nd5 31. a3 Bh6 32. Rc6 Nf4 33. Bxf4 Bxf4 34.
Nc5 Bd5 35. Rxa6 Kg7 36. b4 h5 37. Ra7 Re8 38. Be4 Bc4 39. Rd7 Kh6 40. g3 Be3+
41. Kg2 f5 42. Bd5 Bb5 43. Rd6 Re7 44. a4 Be2 45. f4 h4 46. Ne6 d3 47. Bc4 h3+
48. Kxh3 Bg4+ 49. Kg2 d2 50. Nf8 Kg7 51. Rxg6+ 1-0

[Event "7th Sharjah Challengers"]
[Site "Sharjah UAE"]
[Date "2024.05.15"]
[Round "2.12"]
[White "Viani, Antonio Dcunha"]
[Black "Jaiveer, Mahendru"]
[Result "1-0"]
[WhiteTitle "IM"]
[BlackTitle "FM"]
[WhiteElo "2394"]
[BlackElo "2243"]
[WhiteFideId "5027330"]
[BlackFideId "25611151"]
[EventDate "2024.05.14"]

1. e4 e5 2. Nf3 Nc6 3. Bb5 a6 4. Ba4 Nf6 5. O-O Nxe4 6. d4 b5 7. Bb3 d5 8. dxe5
Be6 9. c3 Bc5 10. Nbd2 O-O 11. Bc2 Nxf2 12. Rxf2 f6 13. Nf1 Bxf2+ 14. Kxf2 fxe5
15. Kg1 Qd6 16. Ng5 Bf5 17. Bxf5 Rxf5 18. Qd3 e4 19. Qh3 Qg6 20. Ng3 Rf6 21. Qd7
Rd8 22. Qxc7 h6 23. Nh3 Qf7 24. Qxf7+ Kxf7 25. Nf2 b4 26. Be3 bxc3 27. bxc3 Rb8
28. Nh5 Rf5 29. Ng3 Rf6 30. Rd1 Rb5 31. c4 dxc4 32. Nfxe4 Re6 33. Nd6+ Kg8 34.
Nxb5 axb5 35. Nf1 Nb4 36. Rd8+ Kh7 37. Rb8 Nc2 38. Bd2 Nd4 39. Ng3 Ne2+ 40. Nxe2
Rxe2 41. Rd8 g5 42. a3 Kg6 43. Rd5 g4 44. Kf1 Re6 45. Rxb5 1-0

[Event "7th Sharjah Challengers"]
[Site "Sharjah UAE"]
[Date "2024.05.16"]
[Round "3.1"]
[White "Piliposyan, Robert"]
[Black "Delgado Ramirez, Neuris"]
[Result "1/2-1/2"]
[WhiteTitle "FM"]
[BlackTitle "GM"]
[WhiteElo "2367"]
[BlackElo "2489"]
[WhiteFideId "13309978"]
[BlackFideId "3503631"]
[EventDate "2024.05.14"]

1. d4 Nf6 2. c4 Nc6 3. Nf3 e6 4. g3 Bb4+ 5. Bd2 Qe7 6. Nc3 Bxc3 7. Bxc3 Ne4 8.
Qc2 Nxc3 9. Qxc3 Qb4 10. Qxb4 Nxb4 11. Kd2 b6 12. a3 Nc6 13. Bg2 Bb7 14. Kc3 Ne7
15. Ne1 Bxg2 16. Nxg2 d6 17. Rhd1 Kd7 18. Nf4 g6 19. b3 a5 20. e4 Rhb8 21. a4
Rd8 22. Rd3 Nc6 23. Ne2 e5 24. f4 Nb4 25. Rd2 exd4+ 26. Nxd4 Re8 27. Re1 Re7 28.
e5 Ke8 29. Rde2 dxe5 30. Rxe5 Rxe5 31. Re2 Re4 32. Rxe4+ Kd7 33. Re5 f6 34. c5 1/2-1/2

[Event "7th Sharjah Challengers"]
[Site "Sharjah UAE"]
[Date "2024.05.16"]
[Round "3.2"]
[White "Lashkin, Jegor"]
[Black "Anwesh, Upadhyaya"]
[Result "1/2-1/2"]
[WhiteTitle "FM"]
[BlackTitle "IM"]
[WhiteElo "2449"]
[BlackElo "2345"]
[WhiteFideId "13907808"]
[BlackFideId "5028949"]
[EventDate "2024.05.14"]

1. d4 d5 2. c4 c6 3. Nc3 Nf6 4. e3 g6 5. Nf3 Bg7 6. h3 O-O 7. Be2 dxc4 8. Bxc4
b5 9. Bd3 Bb7 10. O-O Nbd7 11. e4 c5 12. e5 Nh5 13. Be4 Bxe4 14. Nxe4 cxd4 15.
g4 f5 16. Neg5 fxg4 17. hxg4 Nf4 18. Bxf4 Rxf4 19. Qb3+ Kh8 20. Nf7+ Rxf7 21.
Qxf7 Nxe5 22. Nxe5 Bxe5 23. f4 Bf6 24. g5 Bg7 25. Qe6 d3 26. Kg2 Rc8 27. Rac1
Rc2+ 28. Rxc2 dxc2 29. Qe4 e5 30. Qxc2 exf4 31. Qc5 Bd4 32. Qxb5 a6 33. Qd3
Qxg5+ 34. Kf3 Bxb2 35. Qe4 Be5 36. Qa8+ Kg7 37. Qb7+ Kg8 38. Qc8+ Kg7 39. Qd7+
Kg8 40. Qc8+ Kg7 41. Qd7+ Kg8 42. Qe8+ Kg7 43. Qd7+ Kg8 44. Ke4 1/2-1/2

[Event "7th Sharjah Challengers"]
[Site "Sharjah UAE"]
[Date "2024.05.16"]
[Round "3.4"]
[White "Farahat, Ali"]
[Black "Garifullina, Leya"]
[Result "1/2-1/2"]
[WhiteTitle "IM"]
[BlackTitle "IM"]
[WhiteElo "2327"]
[BlackElo "2431"]
[WhiteFideId "10600507"]
[BlackFideId "34127035"]
[EventDate "2024.05.14"]

1. d4 Nf6 2. Nf3 d5 3. e3 c5 4. c4 cxd4 5. exd4 g6 6. Nc3 Bg7 7. Qb3 dxc4 8.
Bxc4 O-O 9. O-O e6 10. Rd1 Nc6 11. Bg5 Na5 12. Qb4 Nxc4 13. Qxc4 Qb6 14. Ne5 Nd5
15. Bd2 Rd8 16. Rac1 Bd7 17. Nxd5 exd5 18. Qc7 Be6 19. Qxb6 axb6 20. a3 Rdc8 21.
f3 Bf5 22. g4 f6 23. gxf5 fxe5 24. Rxc8+ Rxc8 25. Bc3 exd4 26. Bxd4 gxf5 1/2-1/2

[Event "7th Sharjah Challengers"]
[Site "Sharjah UAE"]
[Date "2024.05.16"]
[Round "3.5"]
[White "Kanyamarala, Trisha"]
[Black "Viani, Antonio Dcunha"]
[Result "0-1"]
[WhiteTitle "WIM"]
[BlackTitle "IM"]
[WhiteElo "2264"]
[BlackElo "2394"]
[WhiteFideId "45004722"]
[BlackFideId "5027330"]
[EventDate "2024.05.14"]

1. d4 Nf6 2. c4 g6 3. Nc3 d5 4. cxd5 Nxd5 5. Bd2 Bg7 6. e4 Nb6 7. Be3 O-O 8. Nf3
Bg4 9. a4 a5 10. d5 Na6 11. Bb5 e6 12. dxe6 Bxe6 13. Nd2 Nb4 14. O-O c6 15. Be2
Re8 16. Rc1 Bd4 17. Bf4 Qf6 18. Bc7 Qe7 19. Bf4 Rad8 20. Qe1 Bg7 21. Be3 Bd4 22.
Bf4 Rd7 23. Nf3 Bg7 24. Bg5 f6 25. Bf4 g5 26. Be3 Nc4 27. Nd4 Nxb2 28. Nxe6 N2d3
29. Bxd3 Nxd3 30. Nxg7 Nxe1 31. Nf5 Qb4 32. Rfxe1 Rd3 33. Ne2 Rxe4 34. Neg3 Re5
35. Rb1 Rb3 36. Rbd1 h5 37. Rd8+ Kf7 38. Rd7+ Ke8 39. Red1 Rd5 40. Rd6 Qxd6 41.
h3 Rb2 42. Rb1 Rxb1+ 43. Kh2 Kd7 0-1

[Event "7th Sharjah Challengers"]
[Site "Sharjah UAE"]
[Date "2024.05.16"]
[Round "3.6"]
[White "Devnani, Kush"]
[Black "Sammed Jaykumar, Shete"]
[Result "0-1"]
[BlackTitle "IM"]
[WhiteElo "2250"]
[BlackElo "2383"]
[WhiteFideId "45093806"]
[BlackFideId "5073421"]
[EventDate "2024.05.14"]

1. d4 Nf6 2. c4 g6 3. Nc3 Bg7 4. e4 d6 5. Nf3 O-O 6. Be2 Nbd7 7. Be3 e5 8. d5
Qe7 9. Nd2 a5 10. g4 Nc5 11. Rg1 Kh8 12. Qc2 Ng8 13. g5 b6 14. h4 f5 15. h5 gxh5
16. Rh1 f4 17. Bxc5 bxc5 18. Rxh5 f3 19. Bf1 Bg4 20. Rh1 Qxg5 21. Nb5 Rf7 22.
O-O-O Bh6 23. Kb1 Nf6 24. Bh3 Qg6 25. Nc3 Bxd2 26. Bxg4 Qxg4 27. Rxd2 Rg8 28.
Re1 Qh4 29. Nd1 Rfg7 30. Rd3 Rg1 31. Rde3 R8g4 32. Qc3 Rxe1 33. Rxe1 Nxe4 34.
Qxa5 Nxf2 35. Ne3 Rg8 36. Qxc7 Ng4 37. Nc2 Qxe1+ 0-1

[Event "7th Sharjah Challengers"]
[Site "Sharjah UAE"]
[Date "2024.05.16"]
[Round "3.7"]
[White "Mendes Aaron Reeve"]
[Black "Pang, Tao"]
[Result "0-1"]
[WhiteTitle "FM"]
[BlackTitle "IM"]
[WhiteElo "2307"]
[BlackElo "2496"]
[WhiteFideId "25954938"]
[BlackFideId "8609950"]
[EventDate "2024.05.14"]

1. e4 e6 2. d4 d5 3. e5 c5 4. c3 Nc6 5. Nf3 Bd7 6. Be2 f6 7. exf6 Nxf6 8. O-O
cxd4 9. cxd4 Bd6 10. Nc3 O-O 11. Bg5 Qe8 12. Bh4 Nh5 13. Bg3 Nxg3 14. fxg3 Bc7
15. Kh1 Bb6 16. Qd2 a6 17. Rae1 Qg6 18. Bd1 Ba7 19. Bc2 Qh6 20. Qd1 Rf6 21. g4
g5 22. g3 Raf8 23. Kg2 Nxd4 24. Nxd4 Rxf1 25. Rxf1 Rxf1 26. Kxf1 Qxh2 27. Nce2
Bb5 28. Ke1 Bxd4 29. Bxh7+ Kxh7 30. Qc2+ Kh6 31. Nxd4 Qg1+ 32. Kd2 Qxd4+ 33. Kc1
Qg1+ 34. Kd2 Qf2+ 35. Kc1 Qxc2+ 36. Kxc2 e5 37. Kb3 a5 38. Ka3 e4 39. b3 e3 40.
Kb2 e2 41. Ka3 e1=Q 42. b4 Qc3# 0-1

[Event "7th Sharjah Challengers"]
[Site "Sharjah UAE"]
[Date "2024.05.16"]
[Round "3.10"]
[White "Peycheva, Gergana"]
[Black "Nitish, Belurkar"]
[Result "1/2-1/2"]
[WhiteTitle "FM"]
[BlackTitle "IM"]
[WhiteElo "2295"]
[BlackElo "2451"]
[WhiteFideId "2916711"]
[BlackFideId "5084768"]
[EventDate "2024.05.14"]

1. d4 d5 2. c4 c6 3. e3 Nf6 4. Nf3 Bf5 5. Nc3 e6 6. Nh4 Be4 7. f3 Bg6 8. Nxg6
hxg6 9. Qb3 Qc7 10. Bd2 a5 11. cxd5 Nxd5 12. O-O-O Nxc3 13. Bxc3 b5 14. Kb1 a4
15. Qc2 b4 16. Be1 Bd6 17. h4 b3 18. axb3 axb3 19. Qxb3 Nd7 20. Bc4 Ke7 21. h5
g5 22. h6 gxh6 23. Qd3 Qb7 24. Bc3 Nb6 25. Kc2 Na4 1/2-1/2